000 00197nam a2200085Ia 4500
008 180219s9999 xx 000 0 und d
100 _aRani Kanak
245 0 _aSamajik Adyapan Shikshan
260 _aR Lal Meerut
260 _c2013
999 _c42326
_d42326